000 00727nam a2200205 i 4500
001 57648
003 ES-MaACL
005 20250811102340.0
007 t|
008 031017s1914 es ||||1| spa d
100 1 _aDols Corpeño, J.
_945046
245 1 0 _aAl margen de la historia de América
_b: (conferencia) /
_cJ. Dols Corpeño.
260 _aSan Salvador :
_b[s.n.],
_c1914 (
_fImprenta Nacional)
300 _a51 p. ;
_c18 cm.
490 1 _aBiblioteca del Ateneo de El Salvador
710 2 _aAteneo de El Salvador.
_91865
830 0 0 _aBiblioteca del Ateneo de El Salvador
_9182619
852 _aES-MaACL
_jT-1405-F-5
_z.- Enc. en un vol. facticio conservando la cub. original
999 _c57648
_d57648